000 00828nas a2200277 4500
001 BR2012001283
003 BR-BrBNA
005 20231205120254.0
007 ta
008 230509b bl.|||p| |||| 00| 00por d
040 _aBR-BrBNA
_bpor
_cBiblioteca Nacional de Agricultura
041 _a(Pt)
072 _aF01; F30
100 1 _aSantos, D.
100 1 _aMendonça, R.M.N.
100 1 _aSilva, S.M.
100 1 _aEspínola, J.E.F.
100 1 _aSouza, A.P.
245 1 _aProdução comercial de cultivares de alface em Bananeiras
650 _aALFACE
650 _aCOMPETIÇÃO DE VARIEDADE
650 _aPRODUÇÃO VEGETAL
773 0 _tHorticultura Brasileira (Brazil)
_xISSN 0102-0536
_g(Oct-Dec 2011), v. 29(4) p. 609-612
_wBR2012001283
909 _a202311
_bLúcia
_c55
_dLúcia Elande
942 _2AGRIS
_n0
_cANA
999 _c217692
_d217692